Japan's lost decade: on the development of the japanese economy in the 1990 s

Analýza a hospodársky vývoj japonskej ekonomiky. Najvýznamnejšie faktory, ktoré pravdepodobne viedli k celkovému oslabeniu a dlhodobej nestabilite japonskej ekonomiky v 90. rokoch 20. storočia .

Enregistré dans:
Détails bibliographiques
Auteur principal: Stuchlíková, Zuzana
Format: Chapitre de livre
Langue:anglais
Sujets:
Tags: Ajouter un tag
Pas de tags, Soyez le premier à ajouter un tag!

MARC

LEADER 00000naa a2200000 4500
001 0166695
005 20220512111347.0
041 0 |a eng 
044 |a SK 
245 1 0 |a Japan's lost decade: on the development of the japanese economy in the 1990 s  |c Zuzana Stuchlíková 
520 |a Analýza a hospodársky vývoj japonskej ekonomiky. Najvýznamnejšie faktory, ktoré pravdepodobne viedli k celkovému oslabeniu a dlhodobej nestabilite japonskej ekonomiky v 90. rokoch 20. storočia . 
610 2 0 |a Japonsko 
610 2 0 |a vývoj hospodársky 
610 2 0 |a reformy hospodárske 
610 2 0 |a recesia 
610 2 0 |a situácia hospodárska 
100 1 |a Stuchlíková, Zuzana